| Tag |
First Indicator |
Second Indicator |
Subfields |
| LEADER |
00000pam a2200000 a 4500 |
| 001 |
in00000069356 |
| 005 |
20151008053340.0 |
| 008 |
810511s1982 paua b 00110 eng |
| 010 |
|
|
|a 81008220
|
| 020 |
|
|
|a 0812107977
|
| 035 |
|
|
|a (OCoLC)07555734
|
| 035 |
|
|
|9 AAH7126AM
|
| 039 |
0 |
|
|a 2
|b 3
|c 3
|d 3
|e 3
|
| 040 |
|
|
|a DLC
|c DLC
|d TXA
|d UtOrBLW
|
| 049 |
|
|
|a TXAM
|c [1633217]
|
| 050 |
0 |
0 |
|a QP102
|b G73 1982
|
| 060 |
|
0 |
|a WF 970 G796f
|
| 082 |
0 |
|
|a 616.1
|2 19
|
| 100 |
1 |
|
|a Green, Jerry Franklin.
|
| 245 |
1 |
0 |
|a Fundamental cardiovascular and pulmonary physiology :
|b an integrated approach for medicine /
|c Jerry Franklin Green.
|
| 264 |
|
1 |
|a Philadelphia :
|b Lea & Febiger,
|c 1982.
|
| 300 |
|
|
|a xv, 347 pages :
|b illustrations ;
|c 25 cm.
|
| 336 |
|
|
|a text
|b txt
|2 rdacontent
|
| 337 |
|
|
|a unmediated
|b n
|2 rdamedia
|
| 338 |
|
|
|a volume
|b nc
|2 rdacarrier
|
| 500 |
|
|
|a Includes index.
|
| 504 |
|
|
|a Bibliography: pages 313-318.
|
| 650 |
|
0 |
|a Cardiovascular system.
|
| 650 |
|
0 |
|a Lungs.
|
| 650 |
|
2 |
|a Cardiovascular Physiological Phenomena.
|
| 650 |
|
2 |
|a Lung
|x physiology.
|
| 999 |
|
|
|a MARS
|
| 999 |
f |
f |
|s a8e84c39-23b3-38d6-aba7-f8237735305a
|i 91bb010d-8d5f-3a9a-ac3e-b1227cd36bf3
|t 0
|
| 952 |
f |
f |
|p ric
|a Texas A&M University
|b Rellis Campus
|c Joint Library Facility
|d Remote Storage
|t 0
|e QP102 G73 1982
|h Library of Congress classification
|i unmediated -- volume
|m A14806049041
|
| 998 |
f |
f |
|a QP102 G73 1982
|t 0
|l Remote Storage
|